SKYTRAX Top 100 Airlines (2024) - Statistics

General Stats
  • This quiz has been taken 123 times
  • The average score is 64 of 100
Answer Stats
Ranking Airline Country % Correct
3 Emirates United Arab Emirates
98%
1 Qatar Airways Qatar
98%
9 Air France France
96%
2 Singapore Airlines Singapore
96%
7 Turkish Airlines Turkiye
95%
6 Japan Airlines Japan
94%
10 Swiss International Air Lines Switzerland
94%
4 ANA All Nippon Airways Japan
93%
13 British Airways United Kingdom
92%
11 Korean Air South Korea
92%
18 Lufthansa Germany
91%
78 American Airlines United States
89%
24 Qantas Airways Australia
89%
5 Cathay Pacific Airways Hong Kong (China)
88%
21 Delta Air Lines United States
88%
29 Air Canada Canada
87%
33 Thai Airways Thailand
87%
19 Etihad Airways United Arab Emirates
86%
14 Fiji Airways Fiji
86%
15 Iberia Spain
86%
90 Air India India
85%
36 Ethiopian Airlines Ethiopia
85%
26 KLM Royal Dutch Airlines The Netherlands
85%
23 Finnair Finland
84%
42 United Airlines United States
82%
22 Air New Zealand New Zealand
81%
8 EVA Air Taiwan
81%
28 Austrian Airlines Austria
80%
63 Ryanair Ireland
80%
20 Saudia Saudi Arabia
80%
39 Malaysia Airlines Malaysia
78%
45 Vietnam Airlines Vietnam
78%
44 China Airlines Taiwan
76%
62 Iberia Express Spain
76%
25 Oman Air Oman
75%
43 LATAM Chile
74%
30 AirAsia Malaysia
73%
55 Royal Air Maroc Morocco
73%
49 Aer Lingus Ireland
72%
31 China Southern Airlines China
72%
74 ITA Airways Italy
72%
38 Air Astana Kazakhstan
68%
77 Kenya Airways Kenya
68%
37 Asiana Airlines South Korea
67%
34 Garuda Indonesia Indonesia
67%
12 Hainan Airlines China
67%
61 Hong Kong Airlines Hong Kong (China)
67%
95 LOT Polish Poland
67%
17 Virgin Atlantic United Kingdom
67%
40 Aegean Airlines Greece
66%
46 Azerbaijan Airlines Azerbaijan
66%
96 Philippine Airlines The Philippines
66%
32 Scoot Singapore
66%
52 IndiGo India
65%
69 South African Airways South Africa
65%
54 Virgin Australia Australia
65%
79 SAS Scandinavian Denmark, Norway, sweden
64%
93 Southwest Airlines United States
64%
88 Egyptair Egypt
62%
41 Gulf Air Bahrain
62%
75 Jetstar Airways Australia
62%
92 Kuwait Airways Kuwait
62%
71 Tap Portugal Portugal
62%
60 Alaska Airlines United States
61%
66 EasyJet United Kingdom
61%
84 Jetstar Asia Airways Singapore
61%
58 airBaltic Latvia
60%
97 Copa Airlines Panama
60%
65 jetBlue Airways United States
59%
64 WestJet Canada
59%
73 Royal Brunei Airlines Brunei
58%
99 Hawaiian Airlines United States
55%
85 Air Mauritius Mauritius
54%
67 flyDubai United Arab Emirates
54%
70 Eurowings Germany
53%
27 Bangkok Airways Thailand
52%
53 Azul Brazilian Brazil
51%
81 RwandAir Rwanda
49%
56 Vueling Airlines Spain
47%
94 Air Arabia United Arab Emirates
41%
16 Vistara India
41%
68 Jet2.com United Kingdom
40%
35 STARLUX Airlines Taiwan
40%
57 Porter Airlines Canada
39%
87 PLAY Iceland
38%
82 Allegiant Air United States
35%
89 Peach Japan
35%
59 Air Transat Canada
33%
91 Breeze Airways United States
32%
48 Flynas Saudi Arabia
31%
83 TUI Airways United Kingdom
31%
72 SunExpress Turkiye
29%
51 Transavia France France
29%
47 Volotea Spain
27%
98 Air Dolomiti Italy
25%
50 Rex Airlines Australia
20%
86 Sun Country Airlines United States
19%
80 JetSMART Airlines Chile
18%
100 FlyArystan Kazakhstan
14%
76 SKY Airline Chile
13%
No matching quizzes found
Score Distribution
Percent of People with Each Score
Percentile by Number Answered
Your Score History
You have not taken this quiz